|
|
|
|
| LEADER |
00000cam a2200000 a 4500 |
| 001 |
043200 |
| 003 |
UAHC_CL |
| 005 |
20170803124805.0 |
| 008 |
110428b xx j 000 1 eng |
| 022 |
|
|
|a 07187025
|
| 040 |
|
|
|a UAHC_CL
|c UAHC_CL
|d UAHC_CL
|
| 245 |
1 |
0 |
|a Taltalia :
|b revista del Museo Augusto Capdeville Rojas de Taltal.
|
| 260 |
|
|
|b Museo Augusto Capdeville Rojas
|a Taltal
|c 2008
|
| 900 |
|
|
|a TALTALIA-04/11
|
| 942 |
|
|
|c BK
|
| 952 |
|
|
|0 0
|1 0
|4 0
|6 TALTALIA_01_08_000000000000000
|7 0
|8 General
|9 80682
|a BC
|b BC
|c General
|d 2017-08-03
|l 0
|o TALTALIA-01/08
|p 1382977
|r 2019-01-03 00:00:00
|t 1
|w 2017-08-03
|y BK
|
| 952 |
|
|
|0 0
|1 0
|4 0
|6 TALTALIA_02_09_000000000000000
|7 0
|8 General
|9 80683
|a BC
|b BC
|c General
|d 2017-08-03
|l 0
|o TALTALIA-02/09
|p 1382978
|r 2019-01-03 00:00:00
|t 1
|w 2017-08-03
|y BK
|
| 952 |
|
|
|0 0
|1 0
|4 0
|6 TALTALIA_03_10_000000000000000
|7 0
|8 General
|9 80684
|a BC
|b BC
|c General
|d 2017-08-03
|l 0
|o TALTALIA-03/10
|p 1382979
|r 2019-01-03 00:00:00
|t 1
|w 2017-08-03
|y BK
|
| 952 |
|
|
|0 0
|1 0
|4 0
|6 TALTALIA_04_11_000000000000000
|7 0
|8 General
|9 80685
|a BC
|b BC
|c General
|d 2017-08-03
|l 0
|o TALTALIA-04/11
|p 1405463
|r 2019-01-03 00:00:00
|t 1
|w 2017-08-03
|y BK
|
| 999 |
|
|
|c 43200
|d 43200
|